[Event "SVK-chT3B2 2122"]
[Site "Slovakia"]
[Date "2022.05.22"]
[Round "11.5"]
[White "Rajnicek, Adam"]
[Black "Lukac, Jozef1"]
[Result "1/2-1/2"]
[WhiteElo "1480"]
[BlackElo "1539"]
[PlyCount "66"]
[EventDate "2021.10.24"]
[EventType "team-tourn"]
[EventRounds "11"]
[EventCountry "SVK"]
[SourceTitle "EXT 2024"]
[Source "ChessBase"]
[SourceDate "2023.10.10"]
[SourceVersion "1"]
[SourceVersionDate "2023.10.10"]
[SourceQuality "1"]
[WhiteTeam "Dubnica nad Vahom III"]
[BlackTeam "Lehota pod Vtacnikom"]
[WhiteTeamCountry "SVK"]
[BlackTeamCountry "SVK"]

1. d4 d5 2. Bf4 Nf6 3. e3 e6 4. Nf3 Bd6 5. Bxd6 Qxd6 6. c3 b6 7. Bd3 Nbd7 8. Nbd2 h6 9. e4 dxe4 10. Nxe4 Nxe4 11. Bxe4 Rb8 12. 0-0 Bb7 13. Bxb7 Rxb7 14. Qe2 Rb8 15. Ne5 Nxe5 16. Qxe5 Qxe5 17. dxe5 0-0 18. Rfd1 Rbd8 19. Kf1 Rd5 20. f4 Rfd8 21. Ke2 f5 22. Rxd5 Rxd5 23. Rd1 g5 24. g3 g4 25. c4 Rxd1 26. Kxd1 Kf7 27. Kd2 Ke7 28. Kc3 Kd7 29. b3 c5 30. Kd3 a6 31. a3 a5 32. a4 Kc6 33. Kc3 Kb7 1/2-1/2

[Event "SVK-chT3B2 2122"]
[Site "Slovakia"]
[Date "2021.10.24"]
[Round "1.6"]
[White "Rajnicek, Adam"]
[Black "Duda, Daniel"]
[Result "1/2-1/2"]
[WhiteElo "1480"]
[BlackElo "1464"]
[PlyCount "52"]
[EventDate "2021.10.24"]
[EventType "team-tourn"]
[EventRounds "11"]
[EventCountry "SVK"]
[SourceTitle "EXT 2023"]
[Source "ChessBase"]
[SourceDate "2022.10.05"]
[SourceVersion "1"]
[SourceVersionDate "2022.10.05"]
[SourceQuality "1"]
[WhiteTeam "Dubnica nad Vahom III"]
[BlackTeam "Dubnica nad Vahom IV"]
[WhiteTeamCountry "SVK"]
[BlackTeamCountry "SVK"]

1. d4 c6 2. Nf3 d5 3. Bf4 Nf6 4. e3 Bg4 5. Nbd2 e6 6. h3 Bh5 7. Be2 Be7 8. 0-0 Nbd7 9. Ne5 Bxe2 10. Qxe2 h6 11. e4 Nxe5 12. Bxe5 0-0 13. Rfe1 Rc8 14. Nf3 Nh7 15. c4 f6 16. Bh2 Rf7 17. Rac1 Qd7 18. a3 a5 19. Qd2 Bd8 20. cxd5 exd5 21. b4 axb4 22. axb4 Ng5 23. Nxg5 fxg5 24. b5 Rf6 25. Be5 Re6 26. bxc6 bxc6 1/2-1/2

[Event "SVK-ch U14"]
[Site "Lubovna"]
[Date "2020.08.16"]
[Round "2"]
[White "Rajnicek, Adam"]
[Black "Skreko, Igor1"]
[Result "0-1"]
[WhiteElo "1457"]
[BlackElo "1845"]
[PlyCount "44"]
[EventDate "2020.08.15"]
[EventType "swiss"]
[EventRounds "9"]
[EventCountry "SVK"]
[SourceTitle "EXT 2021"]
[Source "ChessBase"]
[SourceDate "2020.10.23"]
[SourceVersion "1"]
[SourceVersionDate "2020.10.23"]
[SourceQuality "1"]

1. e4 c5 2. Nf3 d6 3. d4 cxd4 4. Nxd4 Nf6 5. Nc3 a6 6. g3 e5 7. Nde2 b5 8. Bg2 Bb7 9. a3 Nbd7 10. Nd5 Nxd5 11. exd5 Be7 12. 0-0 0-0 13. f4 Qb6+ 14. Kh1 f5 15. Nc3 Rac8 16. g4 g6 17. gxf5 gxf5 18. Qh5 e4 19. Bh3 Kh8 20. Bxf5 Nf6 21. Qh6 Rg8 22. Nxe4 Bxd5 0-1